[Event "Spring tournament"]
[Site "SchemingMind.com"]
[Date "2008.02.28"]
[Round "-"]
[White "dtedesco"]
[Black "Sjakkie"]
[Result "0-1"]
[WhiteCountry "CAN"]
[BlackCountry "NED"]
[WhiteElo "1460"]
[WhiteRD "54"]
[BlackElo "1423"]
[BlackRD "78"]
[GameID "143795"]

1. e4 e5 2. Qh5 Nf6 3. Qxe5+ Be7 4. Nc3 Nc6 5. Qg5 Bf8 6. Qg3 d6 7. Bc4 Nh5 8. Qf3 Nf6 9. Nge2 Bg4 10. Qe3 h6
11. d3 Be7 12. Bd5 O-O 13. b3 Nxd5 14. Qg3 Nf6 15. Bb2 Nb4 16. O-O Qc8 17. Rfc1 Nh5 18. Qe3 Bg5 19. f4 Bf6 20. Rf1 Nxc2
21. Qd2 Nxa1 22. Rxa1 a5 23. Rb1 c6 24. h3 Be6 25. Na4 Bxb2 26. Nb6 Qc7 27. Nxa8 Rxa8 28. Rxb2 Qb6+ 29. Kf1 Qd8 30. f5 Bc8
31. Kf2 Qh4+ 32. Ke3 Qg5+ 33. Kf2 Qf6 34. Rc2 c5 35. g4 Qh4+ 36. Kg2 Nf6 37. a3 Bd7 38. Qf4 Bb5 39. Qxd6 c4 40. bxc4 Ba6
41. a4 Ne8 42. Qd5 Nf6 43. Qd4 Qe1 44. Qb6 Nd7 45. Qd6 Nf6 46. Nd4 Qd1 47. Qa3 Rd8 48. Rc1 Qd2+ 49. Kg3 Rxd4 50. Rc3 Nh7
51. Qc5 Rd8 52. Qe5 Qe3+ 53. Kh4 Qg5+ 54. Kg3 Qd2 55. Rb3 Ng5 56. Qc3 Qe2 57. Rb2 Qf3+ 58. Kh2 Qxh3+ 59. Kg1 Nf3+ 60. Kf2 Qxg4
61. f6 gxf6 62. Ke3 Ne5 63. Rf2 Rxd3+ 64. Qxd3 Nxd3 65. Kxd3 Qg3+ 66. Ke2 Bxc4+ 67. Ke1 Qe3+
0-1

[Event "Spring tournament"]
[Site "SchemingMind.com"]
[Date "2008.02.28"]
[Round "-"]
[White "Sjakkie"]
[Black "dtedesco"]
[Result "1-0"]
[WhiteCountry "NED"]
[BlackCountry "CAN"]
[WhiteElo "1407"]
[WhiteRD "78"]
[BlackElo "1437"]
[BlackRD "51"]
[GameID "143796"]

1. e4 c5 2. Bc4 Nc6 3. d3 e6 4. Nc3 Nf6 5. a3 a6 6. Nf3 Qc7 7. h3 d6 8. O-O b5 9. Ba2 Bb7 10. Bf4 Be7
11. Re1 Nh5 12. Bg5 O-O 13. Be3 d5 14. exd5 exd5 15. Nxd5 Qd6 16. Bc1 Bd8 17. Ng5 Bc7 18. f4 Nxf4 19. Nxf4 Nd4 20. c3 Nf5
21. Rf1 Nh4 22. Qh5 h6 23. Nxf7 Nxg2 24. Nxd6+ Kh7 25. Qg6+ Kh8 26. Nf7+ Kg8 27. Nh5 Be5 28. Nxe5+ Rf7 29. Qxf7+
1-0

[Event "Spring tournament"]
[Site "SchemingMind.com"]
[Date "2008.02.28"]
[Round "-"]
[White "FactoryFreak"]
[Black "Sjakkie"]
[Result "1-0"]
[WhiteCountry "USA"]
[BlackCountry "NED"]
[WhiteElo "1337"]
[WhiteRD "76"]
[BlackElo "1407"]
[BlackRD "78"]
[GameID "143855"]

1. e4 e5 2. Nf3 d6 3. Bc4 h6 4. Nc3 Nf6 5. h3 Nc6 6. d3 Be7 7. g4 O-O 8. g5 hxg5 9. Be3 Nh7 10. Nd5 a6
11. Qe2 b5 12. Bb3 Na5 13. Nxe7+ Qxe7 14. O-O-O Nxb3+ 15. axb3 f6 16. h4 g4 17. Nh2 f5 18. exf5 Qxh4 19. Nxg4 Qe7 20. Rdg1 Nf6
21. Bg5 Bxf5 22. Nxf6+ Kf7 23. Nh7 Qe6 24. Nxf8 Rxf8 25. Bh6 gxh6 26. Qh5+ Ke7 27. Rg7+ Kd8 28. Qxh6 Qe8 29. Qg5+ Kc8 30. Re7 Qc6
31. Rh8 Rxh8 32. Qxf5+ Kb7 33. Rh7 Rxh7 34. Qxh7 b4 35. Qe4 d5 36. Qxe5 Qc5 37. f4 Qg1+ 38. Kd2 Qf2+ 39. Kd1 Qf3+ 40. Kd2 c6
41. f5 c5 42. f6 Qf2+ 43. Kc1 Qf1+ 44. Kd2 Kb6 45. Qd6+ Kb5 46. c4+ dxc4 47. dxc4+ Ka5 48. Qc7#
1-0

[Event "Spring tournament"]
[Site "SchemingMind.com"]
[Date "2008.02.28"]
[Round "-"]
[White "FactoryFreak"]
[Black "dtedesco"]
[Result "1-0"]
[WhiteCountry "USA"]
[BlackCountry "CAN"]
[WhiteElo "1337"]
[WhiteRD "76"]
[BlackElo "1437"]
[BlackRD "51"]
[GameID "143856"]

1. e4 c5 2. Nf3 e6 3. Bc4 Nc6 4. d3 d5 5. exd5 exd5 6. Bb5 Qa5+ 7. Nc3 d4 8. Qe2+ Be7 9. Ne5 Bd7 10. Bd2 dxc3
11. Bxc3 Qxb5 12. O-O Nd4 13. Bxd4 cxd4 14. Nc4 Nf6 15. Nd6+ Kd8 16. Nxb5 Bxb5 17. Rae1 a6 18. Qxe7+ Kc8 19. Qc5+ Kb8 20. Qxd4 Rc8
21. Qd6+ Ka7 22. Qd4+ b6 23. c4 Rd8 24. Re7+ Rd7 25. Rfe1 Kb8 26. Qxb6+ Kc8 27. Re8+ Nxe8 28. Rxe8+ Rd8 29. Rxd8#
1-0

[Event "Spring tournament"]
[Site "SchemingMind.com"]
[Date "2008.02.29"]
[Round "-"]
[White "Sjakkie"]
[Black "FactoryFreak"]
[Result "1-0"]
[WhiteCountry "NED"]
[BlackCountry "USA"]
[WhiteElo "1407"]
[WhiteRD "78"]
[BlackElo "1337"]
[BlackRD "76"]
[GameID "143857"]

1. e4 e5 2. Nf3 Nc6 3. Bc4 h6 4. d3 Nf6 5. h3 Bc5 6. O-O d6 7. Nc3 g5 8. Be3 O-O 9. a3 Bxe3 10. fxe3 Be6
11. Ba2 g4 12. hxg4 Bxg4 13. Qe1 Nh5 14. Nd5 Bxf3 15. Rxf3 Qg5 16. Nxc7 Rac8 17. Nd5 f5 18. Nf6+ Kh8 19. Nxh5 f4 20. Nxf4 exf4
21. exf4 Rxf4 22. Rxf4 Qxf4 23. Qc3+ Kh7 24. Rf1 Qe3+ 25. Kh1 Qe2 26. Rf7+ Kg8 27. Qg7#
1-0

[Event "Spring tournament"]
[Site "SchemingMind.com"]
[Date "2008.02.29"]
[Round "-"]
[White "dtedesco"]
[Black "FactoryFreak"]
[Result "1-0"]
[WhiteCountry "CAN"]
[BlackCountry "USA"]
[WhiteElo "1437"]
[WhiteRD "51"]
[BlackElo "1337"]
[BlackRD "76"]
[GameID "143858"]

1. e4 e5 2. c3 Nf6 3. d4 Nxe4 4. dxe5 Qh4 5. Be3 Bc5 6. g3 Nxg3 7. Bxc5 Qe4+ 8. Be2 Qxh1 9. fxg3 Na6 10. Nd2 Nxc5
11. Nf3 O-O 12. Qd2 Ne4 13. Qe3 f5 14. O-O-O Qg2 15. a4 d6 16. a5 Nf2 17. Rf1 dxe5 18. Nxe5 f4 19. Bc4+ Kh8 20. Qxf2 Qe4
21. Qe2 Bf5 22. Qxe4 Bxe4 23. gxf4 b6 24. a6 Rad8 25. Re1 Rxf4 26. Ne2 Rff8 27. Nd4 c5 28. Ne6 Rf2 29. Nxd8 Rc2+ 30. Kd1 Rxb2
31. Rxe4 h6 32. Bd3 Rxh2 33. Nef7+ Kg8 34. Re8#
1-0

[Event "Spring tournament"]
[Site "SchemingMind.com"]
[Date "2008.03.03"]
[Round "-"]
[White "rampichino"]
[Black "dtedesco"]
[Result "0-1"]
[WhiteCountry "ITA"]
[BlackCountry "CAN"]
[WhiteElo "1169"]
[WhiteRD "60"]
[BlackElo "1437"]
[BlackRD "51"]
[GameID "144133"]

1. e4 c5 2. c3 e6 3. d4 d5 4. e5 Nc6 5. Nf3 Qb6 6. a3 g6 7. b4 cxd4 8. cxd4 Bg7 9. Be2 Nge7 10. O-O Nf5
11. Be3 Qd8 12. Nbd2 O-O 13. Nb3 b6 14. Bd3 Nxe3 15. fxe3 Bh6
0-1

[Event "Spring tournament"]
[Site "SchemingMind.com"]
[Date "2008.03.03"]
[Round "-"]
[White "dtedesco"]
[Black "rampichino"]
[Result "1-0"]
[WhiteCountry "CAN"]
[BlackCountry "ITA"]
[WhiteElo "1437"]
[WhiteRD "51"]
[BlackElo "1169"]
[BlackRD "60"]
[GameID "144136"]

1. e4 d5 2. exd5 Qxd5 3. Nc3 Qd6 4. d4 Nf6 5. Nf3 a6 6. Bc4 Bf5 7. O-O b5 8. Bb3 e6 9. Ne5 Nc6 10. Bf4 Nxe5
11. Bxe5 Qd7 12. Qf3 Rd8 13. Rad1 b4 14. Na4 Bd6 15. Bxf6
1-0

[Event "Spring tournament"]
[Site "SchemingMind.com"]
[Date "2008.03.02"]
[Round "-"]
[White "Joe Daudish"]
[Black "Sjakkie"]
[Result "1-0"]
[WhiteCountry "USA"]
[BlackCountry "NED"]
[WhiteElo "1780"]
[WhiteRD "46"]
[BlackElo "1407"]
[BlackRD "78"]
[GameID "144268"]

1. d4 d5 2. Nf3 e6 3. Bf4 Nf6 4. h3 Nc6 5. e3 h6 6. Nbd2 Bb4 7. c3 Ba5 8. b4 Bb6 9. a4 O-O 10. a5 Bxd4
11. exd4 Ne4 12. Nxe4 a6 13. Nc5 b6 14. axb6 cxb6 15. Nxa6 Bd7 16. b5 Na5 17. Ne5 Rc8 18. Nxd7 Qxd7 19. Rc1 Nc4 20. Qb3 Na5
21. Qa4 Rc4 22. Bxc4 Nxc4 23. O-O Nb2 24. Qc2 Qxb5 25. Nb4 Nc4 26. Nd3 Na3 27. Qa2 Nc4 28. Rb1 Qc6 29. Ne5 Nxe5 30. Bxe5 Qxc3
31. Qb2 Qc8 32. Qxb6 f6 33. Bg3 Qc4 34. Qxe6+ Kh7 35. Rbc1 Qxd4 36. Rcd1 Qc4 37. Qxd5 Qc2 38. Qd3+ Qxd3 39. Rxd3 g5 40. f4
1-0

[Event "Spring tournament"]
[Site "SchemingMind.com"]
[Date "2008.03.03"]
[Round "-"]
[White "Joe Daudish"]
[Black "FactoryFreak"]
[Result "1-0"]
[WhiteCountry "USA"]
[BlackCountry "USA"]
[WhiteElo "1757"]
[WhiteRD "53"]
[BlackElo "1332"]
[BlackRD "91"]
[GameID "144270"]

1. d4 d5 2. Nf3 Nc6 3. Bf4 a6 4. e3 Bf5 5. Bd3 Bxd3 6. Qxd3 Nb4 7. Qd2 e6 8. a3 a5 9. axb4 axb4 10. Rxa8 Qxa8
11. O-O Nf6 12. Bxc7 Qa6 13. Be5 Ne4 14. Qd3 Qxd3 15. cxd3 Nf6 16. Nbd2 Ng4 17. Ra1 Be7 18. Ra8+ Kd7 19. Rxh8 Nxe5 20. dxe5 h6
21. d4 b5 22. Nb3 f6 23. exf6 Bxf6 24. Ra8 e5 25. dxe5 Be7 26. Nfd4 g5 27. Ra7+ Kc8 28. Rxe7 h5 29. Nxb5 d4 30. exd4 g4
31. d5 h4 32. Nc5 g3 33. d6 gxh2+ 34. Kxh2 h3 35. d7+ Kd8 36. Re8#
1-0

[Event "Spring tournament"]
[Site "SchemingMind.com"]
[Date "2008.03.03"]
[Round "-"]
[White "Joe Daudish"]
[Black "dtedesco"]
[Result "1-0"]
[WhiteCountry "USA"]
[BlackCountry "CAN"]
[WhiteElo "1780"]
[WhiteRD "46"]
[BlackElo "1437"]
[BlackRD "51"]
[GameID "144271"]

1. d4 Nf6 2. Nf3 e6 3. Bf4 d5 4. h3 Bd6 5. Bxd6 Qxd6 6. c3 c6 7. e3 O-O 8. Nbd2 Nbd7 9. Bd3 b6 10. O-O c5
11. Re1 a6 12. a3 Bb7 13. Qc2 Rac8 14. e4 h6 15. e5 Qe7 16. exf6 Nxf6 17. dxc5 bxc5 18. Ne5 d4 19. Ne4 Bxe4 20. Bxe4 Nxe4
21. Rxe4 Rfd8 22. Rae1 f6 23. Nf3 Rd6 24. cxd4 Qa7 25. dxc5 g5 26. Rxe6 Rxc5 27. Qb3 Rxe6 28. Qxe6+ Kg7 29. Qe7+ Qxe7 30. Rxe7+ Kg6
31. Re2 a5 32. g3 Rf5 33. Kg2 h5 34. b4 axb4 35. axb4 g4 36. Nh4+ Kg5 37. Nxf5 Kxf5 38. hxg4+ Kxg4 39. b5
1-0

[Event "Spring tournament"]
[Site "SchemingMind.com"]
[Date "2008.03.02"]
[Round "-"]
[White "Sjakkie"]
[Black "Joe Daudish"]
[Result "0-1"]
[WhiteCountry "NED"]
[BlackCountry "USA"]
[WhiteElo "1407"]
[WhiteRD "78"]
[BlackElo "1780"]
[BlackRD "46"]
[GameID "144272"]

1. e4 e6 2. Nc3 d5 3. exd5 exd5 4. d4 Nf6 5. Nf3 Be7 6. h3 O-O 7. Bf4 c6 8. Qd3 Be6 9. Ng5 h6 10. Be5 hxg5
11. Be2 Nbd7 12. Bg3 Re8 13. O-O Nf8 14. f4 gxf4 15. Bxf4 Ng6 16. Bd2 c5 17. Qf3 cxd4 18. Na4 b6 19. c3 dxc3 20. Bxc3 Rc8
21. Rad1 Bc5+ 22. Kh1 Ne4 23. Nxc5 Nxc3 24. Nxe6 fxe6 25. bxc3 Qe7 26. Qd3 Ne5 27. Qd4 Nc6 28. Qg4 Rf8 29. Qg6 Rf6 30. Rxf6 Qxf6
31. Qg3 Qe5 32. Qg4 Rf8 33. Rd3 Ne7 34. a4 Rf6 35. c4 Rf4 36. Qg3 Qxe2 37. Qxf4 Qxd3 38. Qb8+ Kf7 39. Qxa7 Qxc4 40. Qxb6 Qxa4
41. Qf2+ Kg8 42. Qe3 Qe4 43. Qg5 Nf5 44. Qd8+ Kh7 45. Kh2 e5 46. Qg5 Qf4+
0-1

[Event "Spring tournament"]
[Site "SchemingMind.com"]
[Date "2008.03.04"]
[Round "-"]
[White "FactoryFreak"]
[Black "Joe Daudish"]
[Result "0-1"]
[WhiteCountry "USA"]
[BlackCountry "USA"]
[WhiteElo "1332"]
[WhiteRD "91"]
[BlackElo "1757"]
[BlackRD "53"]
[GameID "144274"]

1. e4 e6 2. d4 d5 3. Nc3 dxe4 4. Nxe4 Be7 5. Bf4 Nd7 6. Qe2 Ngf6 7. O-O-O Nxe4 8. Qxe4 Nf6 9. Bb5+ c6 10. Bxc6+ bxc6
11. Nf3 Nxe4 12. Rhf1 Ba6 13. g3 Bxf1 14. Rxf1 O-O 15. h4 c5 16. dxc5 Nxc5 17. Ne5 Bf6 18. a3 a5 19. b4 axb4 20. Nc6 Qb6
21. Ne5 Bxe5 22. Bxe5 Rxa3 23. h5 f6 24. Bd4 Qb5 25. Bxc5 Qxc5 26. f4 Ra1+ 27. Kd2 Rxf1 28. Ke2 Qc4+ 29. Ke3 Re1+ 30. Kf3 Qe2#
0-1

[Event "Spring tournament"]
[Site "SchemingMind.com"]
[Date "2008.03.04"]
[Round "-"]
[White "dtedesco"]
[Black "Joe Daudish"]
[Result "0-1"]
[WhiteCountry "CAN"]
[BlackCountry "USA"]
[WhiteElo "1437"]
[WhiteRD "51"]
[BlackElo "1780"]
[BlackRD "46"]
[GameID "144275"]

1. e4 e6 2. d4 d5 3. Nd2 dxe4 4. Nxe4 Be7 5. Nf3 Nf6 6. Bd3 Nbd7 7. c3 Nxe4 8. Bxe4 Nf6 9. Qe2 Nxe4 10. Qxe4 Qd5
11. Qe2 c5 12. b3 cxd4 13. Bb2 dxc3 14. Bxc3 O-O 15. Rd1 Qc6 16. Ba1 Bb4+ 17. Nd2 b6 18. O-O Bb7 19. Qg4 f6 20. Rc1 Qd5
21. Nf3 Qf5 22. Qxb4 Bxf3 23. gxf3 Qxf3 24. Rc3 Qf5 25. a4 Rad8 26. Rc7 Rd5 27. Qe7 Qg4+ 28. Kh1 Qf3+ 29. Kg1 Rg5#
0-1

[Event "Spring tournament"]
[Site "SchemingMind.com"]
[Date "2008.03.04"]
[Round "-"]
[White "jtrochez1"]
[Black "Sjakkie"]
[Result "1-0"]
[WhiteCountry "HON"]
[BlackCountry "NED"]
[WhiteElo "1455"]
[WhiteRD "54"]
[BlackElo "1400"]
[BlackRD "77"]
[GameID "144484"]

1. e4 e5 2. Nf3 d6 3. h3 Nf6 4. Nc3 h6 5. d4 c6 6. Bd3 b6 7. Be3 a5 8. a3 Be7 9. dxe5 dxe5 10. Nxe5 O-O
11. Ng4 Nxg4 12. O-O Nxe3 13. fxe3 Bg5 14. Qf3 Na6 15. Rad1 Qe7 16. Ne2 Nc5 17. Nf4 Bf6 18. b3 Nd7 19. a4 Ne5 20. Qe2 Nxd3
21. cxd3 Ba6 22. Nh5 Bg5 23. Qb2 f6 24. Qf2 Bc8 25. Nf4 f5 26. Ng6 Qc5 27. d4 Qc3 28. Nf4 fxe4 29. Rb1 Ba6 30. Rfc1 Qb4
31. Rxc6 Bxf4 32. exf4 Rae8 33. Qe3 b5 34. Rxa6 bxa4 35. d5 Qb5 36. Rb6 Qd7 37. bxa4 Qxd5 38. R1b5 Qd1+ 39. Kh2 Qxa4 40. Qg3 Qd4
41. Rxh6 Rf6 42. Rxf6 e3 43. Rff5 e2 44. Rfe5 Rxe5 45. Rxe5 Qd2 46. Qb3+ Kh7 47. Qf7 e1=Q 48. Rh5#
1-0

[Event "Spring tournament"]
[Site "SchemingMind.com"]
[Date "2008.03.03"]
[Round "-"]
[White "jtrochez1"]
[Black "rampichino"]
[Result "1-0"]
[WhiteCountry "HON"]
[BlackCountry "ITA"]
[WhiteElo "1580"]
[WhiteRD "57"]
[BlackElo "1169"]
[BlackRD "60"]
[GameID "144485"]

1. e4 d5 2. exd5 Qxd5 3. Nc3 Qd6 4. Nf3 Nf6 5. d3 a6 6. h3 Bf5 7. Be2 Nc6 8. a3 O-O-O 9. Be3 e6 10. Nh4 Bg6
11. Qd2 Nd5 12. O-O Be7 13. Nf3 f5 14. Nxd5 exd5 15. c3
1-0

[Event "Spring tournament"]
[Site "SchemingMind.com"]
[Date "2008.03.03"]
[Round "-"]
[White "jtrochez1"]
[Black "Joe Daudish"]
[Result "0-1"]
[WhiteCountry "HON"]
[BlackCountry "USA"]
[WhiteElo "1579"]
[WhiteRD "50"]
[BlackElo "1757"]
[BlackRD "53"]
[GameID "144486"]

1. e4 e6 2. d4 d5 3. e5 Ne7 4. Nf3 Ng6 5. c4 Be7 6. Nc3 dxc4 7. Bxc4 Nd7 8. O-O c6 9. a3 Nb6 10. Be2 Nd5
11. Nxd5 exd5 12. b4 Be6 13. Be3 O-O 14. Qd2 a5 15. b5 cxb5 16. Bxb5 Bd7 17. Bxd7 Qxd7 18. a4 b5 19. axb5 Qxb5 20. Rfb1 Bb4
21. Qd1 Qd7 22. Bd2 Bxd2 23. Qxd2 a4 24. h3 Ra7 25. Rb4 Rfa8 26. Ra3 Ne7 27. Qa2 Nf5 28. Nd2 Qc6 29. Qb2 g6 30. Rb8+ Kg7
31. Rb6 Qc7 32. Rb4 h5 33. Nb1 Qa5 34. Nc3 Qc7 35. Nxd5 Qc6 36. Nc3 Rd7 37. d5 Qc5 38. e6 fxe6 39. dxe6 Rd4 40. Ne4 Qxb4
41. Qc1 Rxe4 42. Qc7+ Qe7
0-1

[Event "Spring tournament"]
[Site "SchemingMind.com"]
[Date "2008.03.03"]
[Round "-"]
[White "jtrochez1"]
[Black "FactoryFreak"]
[Result "1-0"]
[WhiteCountry "HON"]
[BlackCountry "USA"]
[WhiteElo "1579"]
[WhiteRD "50"]
[BlackElo "1332"]
[BlackRD "91"]
[GameID "144487"]

1. e4 e5 2. Nf3 Nc6 3. Bc4 d6 4. h3 h6 5. Nc3 g5 6. a3 Nf6 7. d3 Bg7 8. d4 g4 9. Ng1 exd4 10. Nd5 h5
11. Bg5 gxh3 12. gxh3 O-O 13. Qf3 d3 14. Nxf6+ Bxf6 15. Bxf6 Qe8 16. Qg3+ Bg4 17. cxd3 Nd4 18. hxg4 Nc2+ 19. Kd2 Nxa1 20. gxh5+
1-0

[Event "Spring tournament"]
[Site "SchemingMind.com"]
[Date "2008.03.03"]
[Round "-"]
[White "jtrochez1"]
[Black "dtedesco"]
[Result "1-0"]
[WhiteCountry "HON"]
[BlackCountry "CAN"]
[WhiteElo "1455"]
[WhiteRD "54"]
[BlackElo "1471"]
[BlackRD "57"]
[GameID "144488"]

1. e4 e5 2. Nf3 Nc6 3. Bc4 Nf6 4. Nc3 Nxe4 5. Nxe4 d5 6. Bxd5 Qxd5 7. Nc3 Qa5 8. a3 Be6 9. O-O O-O-O 10. d3 g6
11. Bd2 Qc5 12. Be3 Qa5 13. Ng5 Bc5 14. Bd2 Bd4 15. Nce4 Qb6 16. c3 Bd5 17. cxd4 Bxe4 18. Nxe4 Qxd4 19. Nc3 f5 20. Be3 Qd7
21. Bg5 Rde8 22. b4 Nd4 23. Bd2 Re7 24. a4 a6 25. Bg5 Re6 26. Rc1 c6 27. b5 axb5 28. axb5 f4 29. bxc6 Nxc6 30. Ne4 b6
31. Bf6 Rf8 32. Qb3 Kb7 33. Nc5+ Kc7 34. Nxd7 Kxd7 35. Bg7 Rb8 36. Qb5 Kc7 37. Bxe5+ Rxe5 38. Qxc6+ Kd8 39. Qc7+ Ke8 40. Qxb8+ Ke7
41. Qxe5+ Kf7 42. Rc7+
1-0

[Event "Spring tournament"]
[Site "SchemingMind.com"]
[Date "2008.03.04"]
[Round "-"]
[White "Sjakkie"]
[Black "jtrochez1"]
[Result "1-0"]
[WhiteCountry "NED"]
[BlackCountry "HON"]
[WhiteElo "1400"]
[WhiteRD "77"]
[BlackElo "1455"]
[BlackRD "54"]
[GameID "144489"]

1. e4 e5 2. Nf3 d6 3. h3 Nc6 4. d3 Be7 5. Nc3 Nf6 6. Be2 h6 7. O-O a6 8. a3 Be6 9. Be3 Qd7 10. Nh4 g6
11. Qd2 Nxe4 12. Nf3 Nxd2 13. Nxd2 Bg5 14. Nce4 f6 15. Nf3 Bxh3 16. Nfxg5 Rf8 17. Nxh3 f5 18. Nc3 f4 19. Nxf4 exf4 20. Bd2 g5
21. Nd5 f3 22. Bxf3 Kd8 23. b4 Nd4 24. Bh5 Nxc2 25. Ra2 Nd4 26. Ne3 c6 27. Bg4 Qc7 28. Bc3 Nb5 29. Bb2 d5 30. a4 Na7
31. Bd4 Qf4 32. Bc5 Rf6 33. f3 Qb8 34. Nf5 Nc8 35. Re1 b6 36. Bd4 Rf8 37. Bg7 Re8 38. Rc1 Kc7 39. d4 Kb7 40. Be5 Qa7
41. Rac2 Ne7 42. Nxe7
1-0

[Event "Spring tournament"]
[Site "SchemingMind.com"]
[Date "2008.03.03"]
[Round "-"]
[White "rampichino"]
[Black "jtrochez1"]
[Result "0-1"]
[WhiteCountry "ITA"]
[BlackCountry "HON"]
[WhiteElo "1169"]
[WhiteRD "60"]
[BlackElo "1580"]
[BlackRD "57"]
[GameID "144490"]

1. e4 e5 2. Nf3 d6 3. d4 exd4 4. Nxd4 Bd7 5. Bc4 Nc6 6. O-O Nf6 7. Nc3 Nxd4 8. Qxd4 c6 9. e5 d5 10. exf6 Qxf6
11. Qxf6 gxf6 12. Bxd5 cxd5 13. Nxd5 O-O-O 14. Nxf6 Bg7 15. Nxd7 Rxd7 16. c3 Re8
0-1

[Event "Spring tournament"]
[Site "SchemingMind.com"]
[Date "2008.03.03"]
[Round "-"]
[White "Joe Daudish"]
[Black "jtrochez1"]
[Result "1/2-1/2"]
[WhiteCountry "USA"]
[BlackCountry "HON"]
[WhiteElo "1757"]
[WhiteRD "53"]
[BlackElo "1579"]
[BlackRD "50"]
[GameID "144491"]

1. d4 d5 2. Nf3 Nc6 3. Bf4 Nf6 4. h3 Bf5 5. c3 h6 6. e3 e6 7. Bd3 Bxd3 8. Qxd3 a6 9. O-O Be7 10. Nbd2 O-O
11. Ne5 Nxe5 12. Bxe5 Bd6 13. Bxd6 Qxd6 14. Rfe1 Rfe8 15. e4 dxe4 16. Nxe4 Nxe4 17. Qxe4 c6 18. f4 f5 19. Qe5 Qxe5 20. Rxe5 Kf7
21. Kf2 Rad8 22. b4 Rd5 23. Rae1 Rxe5 24. Rxe5 Kf6 25. a4 g5 26. Kf3 h5 27. g3 g4+ 28. hxg4 hxg4+ 29. Kg2 Rd8 30. a5 Rd5
31. Kf2 Rxe5 32. dxe5+ Ke7 33. Ke3 Kd7 34. Kd4 Kc7 35. Kc5 Kd7 36. Kb6 Kc8 37. c4 Kb8 38. Kc5 Kc7 39. b5 axb5 40. cxb5 cxb5
41. Kxb5 Kb8 42. Kb4 Kc7 43. Kc5 Kd7 44. Kb6=
1/2-1/2

[Event "Spring tournament"]
[Site "SchemingMind.com"]
[Date "2008.03.03"]
[Round "-"]
[White "FactoryFreak"]
[Black "jtrochez1"]
[Result "0-1"]
[WhiteCountry "USA"]
[BlackCountry "HON"]
[WhiteElo "1332"]
[WhiteRD "91"]
[BlackElo "1579"]
[BlackRD "50"]
[GameID "144492"]

1. e4 e5 2. Nf3 d6 3. Bc4 h6 4. h4 Bg4 5. Nc3 Nf6 6. d3 a6 7. O-O Be7 8. b3 c6 9. Ba3 O-O 10. b4 b5
11. Bb3 Nh5 12. g3 Kh8 13. Qc1 Bxf3 14. Bb2 Bxh4 15. a4 Qd7 16. axb5 Qh3
0-1

[Event "Spring tournament"]
[Site "SchemingMind.com"]
[Date "2008.03.03"]
[Round "-"]
[White "dtedesco"]
[Black "jtrochez1"]
[Result "1-0"]
[WhiteCountry "CAN"]
[BlackCountry "HON"]
[WhiteElo "1460"]
[WhiteRD "54"]
[BlackElo "1488"]
[BlackRD "57"]
[GameID "144493"]

1. e4 e5 2. Nf3 d6 3. d4 Bg4 4. dxe5 Nc6 5. Nc3 a6 6. exd6 Bxd6 7. Bd3 Ne5 8. Be2 Be6 9. Be3 c6 10. Nxe5 Bxe5
11. Qxd8+ Rxd8 12. f4 Bxc3+ 13. bxc3 Ne7 14. Rd1 O-O 15. O-O Rxd1 16. Rxd1 Nc8 17. a4 b5 18. a5 f5 19. Bc5 Re8 20. Bf3 fxe4
21. Bxe4 Bg4 22. Re1 Bd7 23. h3 g6 24. g4 Ne7 25. Re3 Kf7 26. Kf2 Nd5 27. Bxd5+ Kg7 28. Re7+ Rxe7 29. Bxe7 cxd5 30. Ke3 Kf7
31. Bc5 Be6 32. Kd4 Kf6 33. Bd6 h5 34. g5+ Kf7 35. h4 Ke8 36. Ke5 Kd7 37. Bc5 Bf7 38. Kf6 Be8 39. f5 Kc6 40. fxg6 Bxg6
41. Kxg6 Kxc5 42. Kxh5 Kd6 43. g6 Ke7 44. g7 Kf7 45. Kh6 Kg8 46. h5
1-0